000 00770nam a2200289Ia 4500
005 20260324115819.0
008 008 260324s9999 xx 000 0 eng d
020 _a9781003446583
037 _aEBOOK
040 _aCRL
040 _beng
040 _cCRL
041 _2eng
041 _aeng
084 _qCRL
100 _aPeter Levine; John Saltmarsh; Margaret A. Post; Elaine Ward; Nicholas V. Longo
_91156112
245 0 _aPublicly Engaged Scholars
245 0 _bNext-Generation Engagement and the Future of Higher Education
260 _bTaylor and Francis
260 _c2016
365 _a
365 _b230
856 _uhttp://www.taylorfrancis.com/books/9781003446583
942 _cEBOOK
999 _c1747262
_d1747262